Tort law / (Record no. 25600)
[ view plain ]
| 000 -LEADER | |
|---|---|
| fixed length control field | 01351cam a22002895a 4500 |
| 001 - CONTROL NUMBER | |
| control field | 19415677 |
| 005 - DATE AND TIME OF LATEST TRANSACTION | |
| control field | 20171119104533.0 |
| 008 - FIXED-LENGTH DATA ELEMENTS--GENERAL INFORMATION | |
| fixed length control field | 161222s2017 enka frbd 001 0 eng d |
| 010 ## - LIBRARY OF CONGRESS CONTROL NUMBER | |
| LC control number | 2016059048 |
| 020 ## - INTERNATIONAL STANDARD BOOK NUMBER | |
| International Standard Book Number | 9781292156095 (print) |
| 040 ## - CATALOGING SOURCE | |
| Original cataloging agency | DLC |
| Language of cataloging | eng |
| Transcribing agency | DLC |
| Modifying agency | DLC |
| -- | EG-ScBUE |
| 043 ## - GEOGRAPHIC AREA CODE | |
| Geographic area code | e-uk-en |
| 082 04 - DEWEY DECIMAL CLASSIFICATION NUMBER | |
| Classification number | 346.4203 |
| Item number | ELL |
| Edition number | 22 |
| 100 1# - MAIN ENTRY--PERSONAL NAME | |
| Personal name | Elliott, Catherine, |
| Dates associated with a name | 1966-. |
| 9 (RLIN) | 39881 |
| 245 10 - TITLE STATEMENT | |
| Title | Tort law / |
| Statement of responsibility, etc | Catherine Elliott and Frances Quinn. |
| 250 ## - EDITION STATEMENT | |
| Edition statement | 11th ed. |
| 260 ## - PUBLICATION, DISTRIBUTION, ETC. (IMPRINT) | |
| Place of publication, distribution, etc | Harlow : |
| Name of publisher, distributor, etc | Pearson Education, |
| Date of publication, distribution, etc | 2017. |
| 300 ## - PHYSICAL DESCRIPTION | |
| Extent | xxviii, 425 p. : |
| Other physical details | ill. ; |
| Dimensions | 25 cm. |
| 504 ## - BIBLIOGRAPHY, ETC. NOTE | |
| Bibliography, etc | Includes bibliographical references and index. |
| 505 0# - FORMATTED CONTENTS NOTE | |
| Formatted contents note | Tort law : an introduction -- Negligence : elements of the tort -- Negligence : causation, defences, limitation and criticism -- Negligence : psychiatric injury -- Negligence : economic loss -- Negligence : public bodies -- Employers' liability -- Occupiers' liability -- Product liability -- Breach of statutory duty -- Defamation -- Privacy -- Nuisance -- The rule in Rylands v. Fletcher -- Trespass to land -- Trespass to the person -- Joint and several liability -- Vicarious liability -- Remedies in tort. |
| 650 #7 - SUBJECT ADDED ENTRY--TOPICAL TERM | |
| Topical term or geographic name as entry element | Torts |
| Geographic subdivision | England. |
| Source of heading or term | BUEsh |
| 651 ## - SUBJECT ADDED ENTRY--GEOGRAPHIC NAME | |
| Source of heading or term | BUEsh |
| 653 ## - INDEX TERM--UNCONTROLLED | |
| Resource For college | Law |
| Arrived date list | November2017 |
| 655 ## - INDEX TERM--GENRE/FORM | |
| Form subdivision | Text book |
| -- | 33728 |
| 700 1# - ADDED ENTRY--PERSONAL NAME | |
| Personal name | Quinn, Frances, |
| Dates associated with a name | 1963-. |
| 942 ## - ADDED ENTRY ELEMENTS (KOHA) | |
| Source of classification or shelving scheme | Dewey Decimal Classification |
| Withdrawn status | Item status | Source of classification or shelving scheme | Damaged status | Not for loan | Vendor | Home library | Current library | Shelving location | Date acquired | Source of acquisition | Cost, normal purchase price | Total Checkouts | Total Renewals | Full call number | Barcode | Date last seen | Date last borrowed | Koha item type | Checked out |
|---|---|---|---|---|---|---|---|---|---|---|---|---|---|---|---|---|---|---|---|
| Dewey Decimal Classification | Baccah | Central Library | Central Library | First floor | 16/11/2017 | Purchase | 550.00 | 7 | 38 | 346.4203 ELL | 000046885 | 15/07/2025 | 31/03/2024 | Book - Borrowing | |||||
| Dewey Decimal Classification | Baccah | Central Library | Central Library | First floor | 16/11/2017 | Purchase | 8 | 18 | 346.4203 ELL | 000046886 | 09/04/2026 | 05/04/2026 | Book - Borrowing | ||||||
| Dewey Decimal Classification | Baccah | Central Library | Central Library | First floor | 16/11/2017 | Purchase | 7 | 33 | 346.4203 ELL | 000046887 | 16/04/2026 | 08/04/2026 | Book - Borrowing | ||||||
| Dewey Decimal Classification | Baccah | Central Library | Central Library | First floor | 16/11/2017 | Purchase | 11 | 16 | 346.4203 ELL | 000046888 | 27/04/2026 | 07/04/2026 | Book - Borrowing | ||||||
| Dewey Decimal Classification | Baccah | Central Library | Central Library | First floor | 16/11/2017 | Purchase | 4 | 27 | 346.4203 ELL | 000046889 | 10/12/2019 | 10/12/2019 | Book - Borrowing | 17/06/2020 |